Guía Legal Ambiental de Ecoturismo en Colombia (Registro nro. 8426)

Detalles MARC
000 -CABECERA
Campo de control 01241nam a22003017a 4500
005 - FECHA Y HORA DE LA ULTIMA TRANSACCION
Campo de control 20140723020003.0
008 - ELEMENTOS DE LONGITUD FIJA—INFORMACION GENERAL
Campo de control 140516b2014 ck ||||| |||| 00| 0 spa d
020 ## - ISBN
ISBN 9789585824614
020 ## - ISBN
ISBN 978958584607 (obra completa )
041 ## - IDIOMA
Código de idioma para texto/pista de sonido o título separado Español
044 ## - PAÍS DE PUBLICACIÓN
País de publicación Colombia
082 ## - NUMERO DE CLASIFICACION DECIMAL DEWEY
Número de clasificación 333.78
Número del ítem B61g
110 10 - ASIENTO PRINCIPAL--NOMBRE CORPORATIVO
Nombre corporativo o de jurisdicción como elemento de entrada Fondo Biocomercio y Gestión Ambiental Estragégica
245 10 - MENCION DE TITULO
Título Guía Legal Ambiental de Ecoturismo en Colombia
260 ## - PUBLICACION, DISTRIBUCION, ETC. (PIE DE IMPRENTA)
Lugar de publicación, distribución, etc. Bogotá
Nombre del editor, distribuidor, etc. Fondo Biocomercio y Gestión Ambiental Estragégica
Fecha de publicación, distribución, etc. 2014
300 ## - DESCRIPCION FISICA
Extensión 50 p.
Dimensiones 20 cm. +
Material acompañante CD-Rom
490 ## - MENCION DE SERIE
Mención de serie Guias Legales Ambientales de Biocomercio
Designación numérica/secuencial del volumen 1
505 ## - NOTA DE CONTENIDO
Nota de contenido Qué es el biocomercio. Principios y criterios. Cuales son las categorías del biocomercio. Como usa la guía
505 ## - NOTA DE CONTENIDO
Nota de contenido Cap. 1 Ecoturismo
505 ## - NOTA DE CONTENIDO
Nota de contenido Cap. 2 Como hacer una empresa de ecoturismo
505 ## - NOTA DE CONTENIDO
Nota de contenido Cap. 3 Donde se puede desarrollar la actividad ecoturistica
505 ## - NOTA DE CONTENIDO
Nota de contenido Cap. 4 Beneficios a los que se puede acceder si es un prestador de servicios ecoturísticos
590 ## - NOTA LOCAL
Nota local No trae el CD-ROM
650 #6 - ASIENTO SECUNDARIO DE MATERIA - TERMINO TEMATICO
Término temático o nombre geográfico como elemento de entrada Turismo ecológico
Subdivisión geográfica Colombia
Subdivisión de forma guias
650 #6 - ASIENTO SECUNDARIO DE MATERIA - TERMINO TEMATICO
Término temático o nombre geográfico como elemento de entrada Desarrollo sostenible
Subdivisión geográfica Colombia
650 #6 - ASIENTO SECUNDARIO DE MATERIA - TERMINO TEMATICO
Término temático o nombre geográfico como elemento de entrada Política de turismo
Subdivisión geográfica Colombia
942 ## - ELEMENTOS ADICIONALES (KOHA)
Sistema de clasificación Dewey Decimal Classification
Tipo de ítem Impreso
Koha issues (borrowed), all copies 1
Existencias
Withdrawn status Lost status Sistema de Clasificación Damaged status No para préstamo Colección Inventariado Ubicación Permanente Ubicación actual Fecha de adquisición Fuente de Valor Valor Total Checkouts Número topográfico Inventario / Código de Barras Date last seen Date checked out Ejemplar Price effective from Forma de adquisición Tipo de material
    Dewey Decimal Classification     General Inventariado 2017 Bogotá Bogotá 16/05/2014 Instituto 39000.00 1 LB-333.78 B61g 059589 29/08/2019 29/08/2019 Ej. 1 16/05/2014   Libro
    Dewey Decimal Classification     General Inventariado 2017 Sala Fabio Quevedo Sala Fabio Quevedo 21/07/2014 Instituto 39000.00   LB-333.78 B61g 038159 21/07/2014   Ej. 2 21/07/2014   Libro
    Dewey Decimal Classification     General Inventariado 2017 Sala Fabio Quevedo Sala Fabio Quevedo 21/07/2014 Instituto 39000.00 1 LB-333.78 B61g 038161 22/07/2014 22/07/2014 Ej. 3 21/07/2014   Libro